00646nam a2200205 a 450000100090000000800410000901000150005002000180006505000190008310000220010224500960012425000120022026000410023230000220027335000100029550000670030565000220037265000270039470000190042117325329161109s2013 ||||||||||||||||| || u a2012940965 a9781446258156 aBF 323.S63 Fis aTaylor, Shelley E10aSocial Cognition : from brains to culture. (2nd ed.)cSusan T. Fiske and Shelley E. Taylor. a2nd ed. aLos AngelesbSAGE Publicationsc2013 axi, 580 p. : ill. a67.00 aIncludes bibliographical references (pages 463-567) and index. 0aSocial perception 0aCOGNITIVE NEUROSCIENCE aFiske, Susan T